000 00608nam a2200205Ii 4500
003 JO-AjNU
008 230605s9999||||xx |||||||||||||| ||und||
040 _aJO-AjNU
_bara
_erda
_cJO-AjNU
041 _aara
050 1 4 _aPJ7862 2001
100 3 _aتأليف الرحبي،عامر,
_eauthor
_913968
245 0 0 _aسحب تمر ببطئ
250 _aط1
264 3 1 _aبيروت:مؤسسة الإنتشار العربي،2001
300 _a95ص
336 _atext
_btxt
_2rdacontent
337 _aunmediated
_bn
_2rdamedia
338 _avolume
_bnc
_2rdacarrier
650 4 _aالشعر العربي
_913969
999 _aA3613
_c7181
_d7181